000 00456nam a2200181Ia 4500
005 20250423101639.0
008 250422s9999 xx 000 0 und d
020 _a9780071222150
050 _aQP 34.5 .W47/
100 _aWidmaier, Eric P.
245 0 _aVander's human physiology : the mechanisms of body function
260 _aNew York
260 _bMcGraw-Hill
260 _c2011
300 _a686 p
650 _aHuman physiology
942 _cBK
999 _c36862
_d36862